000 002930000a22001450004500
003 MACL
040 _aMACL
090 _c32182
_d32180
100 _aSheldon, Sidney
245 _aThe Best laid Pllans
260 _bWarner Books
350 _a150
650 _aFiction
942 _cBOOK
_k823/Si
999 _c31855
_d31855